GREATER MAGADHA STUDIES IN THE CULTURES OF EARLY INDIA (Record no. 220575)

MARC details
000 -LEADER
fixed length control field 00360nam a2200133Ia 4500
008 - FIXED-LENGTH DATA ELEMENTS--GENERAL INFORMATION
fixed length control field 250520s9999 xx 000 0 und d
020 ## - INTERNATIONAL STANDARD BOOK NUMBER
International Standard Book Number 9788120835344
100 ## - MAIN ENTRY--PERSONAL NAME
Personal name BRONKHORST, JOHANNES
245 #0 - TITLE STATEMENT
Title GREATER MAGADHA STUDIES IN THE CULTURES OF EARLY INDIA
260 ## - PUBLICATION, DISTRIBUTION, ETC.
Name of publisher, distributor, etc. MOTILAL BANARSIDASS, DELHI
Date of publication, distribution, etc. 2013
300 ## - PHYSICAL DESCRIPTION
Extent 414
650 ## - SUBJECT ADDED ENTRY--TOPICAL TERM
Topical term or geographic name entry element Culture
942 ## - ADDED ENTRY ELEMENTS (KOHA)
Koha item type Book
Holdings
Withdrawn status Lost status Damaged status Not for loan Home library Current library Shelving location Date acquired Cost, normal purchase price Barcode Date last seen Price effective from Koha item type
        Mewar University Central Library Mewar University Central Library Donated 20/05/2025 795.00 DN9851 20/05/2025 20/05/2025 Book